Handbook of Applied Chemistry : Facts for Engineers Scientists Technician and Technical Managers (Record no. 8393)

MARC details
000 -LEADER
fixed length control field 00681nam a2200193Ia 4500
003 - CONTROL NUMBER IDENTIFIER
control field IN-BaIIA
008 - FIXED-LENGTH DATA ELEMENTS--GENERAL INFORMATION
fixed length control field 211028s9999 xx 000 0 eng d
020 ## - INTERNATIONAL STANDARD BOOK NUMBER
International Standard Book Number 0-07-030320-7
040 ## - CATALOGING SOURCE
Transcribing agency IIA Library
080 ## - UNIVERSAL DECIMAL CLASSIFICATION NUMBER
Universal Decimal Classification number (035)54
Item number HOP
100 ## - MAIN ENTRY--PERSONAL NAME
Personal name Hopp, vollrath
9 (RLIN) 14069
245 #0 - TITLE STATEMENT
Title Handbook of Applied Chemistry : Facts for Engineers Scientists Technician and Technical Managers
Statement of responsibility, etc. vollrath Hopp
260 ## - PUBLICATION, DISTRIBUTION, ETC.
Place of publication, distribution, etc. Washington
Name of publisher, distributor, etc. Hemisphere Publishing
Date of publication, distribution, etc. 1983
300 ## - PHYSICAL DESCRIPTION
Extent [various pagings.]
650 ## - SUBJECT ADDED ENTRY--TOPICAL TERM
Topical term or geographic name entry element Applied Chemistry
9 (RLIN) 14070
650 ## - SUBJECT ADDED ENTRY--TOPICAL TERM
Topical term or geographic name entry element Astronomy and Astrophysics Thesaurus
650 ## - SUBJECT ADDED ENTRY--TOPICAL TERM
Topical term or geographic name entry element Handbooks-Applied Chemistry
9 (RLIN) 14071
942 ## - ADDED ENTRY ELEMENTS (KOHA)
Koha item type Books
Holdings
Withdrawn status Lost status Damaged status Not for loan Home library Current library Shelving location Date acquired Total Checkouts Full call number Barcode Date last seen Price effective from Koha item type
        IIA Library-Bangalore IIA Library-Bangalore General Stacks 26/08/1985   (035)54/ HOP 9243 05/11/2021 26/08/1985 Books

Powered by Koha